000 00626nam a22001817a 4500
005 20251108173657.0
008 250721s2006 xx 000 0 ara d
082 1 4 _a370.1/ديب
100 1 _aالديب، إبراهيم رمضان
245 1 0 _aأسس و مهارات بناء القيم التربوية (و تطبيقاتها في العملية التعليمية) /
264 1 _aالمنصورة :
_bأم القرى،
_c2006.
300 _a302ص.
650 1 7 _aالتربية
650 1 7 _aالتربية اللأخلاقية
650 1 7 _aالقيم الأخلاقية
942 _2ddc
_cBK
999 _c109731
_d109731